攔截時間的方法 : 手記書
| 資料類型: | 圖書 | 書目號: | 51632 |
Leader xxxxxxxxxx 001 __ 102486/5/01 005 __ 20171120175604.733 010 0_ |a978-986-450-103-8|b平裝|d新臺幣300元 020 __ |atw|b105022590 042 __ |anbic 100 __ |a20171120d2017 km y0chiy50 e 101 0_ |achi 102 __ |atw 105 __ |ay z 000cy 200 1_ |a攔截時間的方法|e手記書|f張讓著 210 __ |a臺北市|c九歌|d2017[民106] 215 0_ |a246面|c圖|d19公分 225 12 |a九歌文庫|v1243 517 1_ |a手記書|zchi 681 __ |a855|b876 700 _1 |a張|b讓|4著 801 _0 |atw|bLibDipper|c20171120|gCCR |